00430nam a2200157Ia 450000500170000000800410001702000220005804100120008008200150009210000150010724500610012225000080018326000380019150000080022965000350023720240823024455.0240823s9999||||xx |||||||||||||| ||und|| a978-81-80228-19-8 aENGLISH A658.071 P9 aSharma S L 0aEducational Management : A Unified Approach of Education a1st c2009bGlobal India Publication Pv aYES aManagementbManagement Studies